| 000 | 00335nam a2200145 a 4500 | ||
|---|---|---|---|
| 001 | 3728 | ||
| 003 | CDMR | ||
| 005 | 20130116135248.0 | ||
| 008 | 130130s2006||||||||||||||||||||||||||||d | ||
| 040 |
_aCDMR _bcat _cCPC LLEIDA |
||
| 100 | 1 |
_aBou, Josep _91074 |
|
| 245 | 1 | 0 |
_aViatge a Nequa _cBOU, Josep |
| 260 |
_aBarcelona _c2006 |
||
| 942 | _cMON | ||
| 999 |
_c3728 _d3728 |
||